00795nam a2200133 4500008001300000020001800013082001800031100001600049245007200065260003600137300003500173505034900208650010400557331.88 F828b a9781608465354 a331.88bF828b aFrank, Dana aBananeras: bWomen Transforming the Banana Unions of Latin America  aChicago bHaymarket Booksc2016 a137 p. bill. c21,5 x 13,5 cm tIntroduction: On the roadtChapter One: The Work Enslaves UstChapter Two: SITRATERCO: Women´s Power Is Union Power tChapter Three: Honduras: A Free Space tChapter Four: Latin American: The Big Challenge tChapter Five: The War at Home tChapter Six: Global AlliestConclusion: A New Kind of Labor MovementtNotestIndextAbout the Author  xeconomíaxtrabajoxuniones laboralesxbanano - industria xagricultura - mujeresxAmerica Latina